000 01488naa a22003257a 4500
001 BR8708402
003 BR-BrBNA
005 20250721154545.0
007 ta
008 250630b bl.|||m| |||| 00| 0 por d
040 _aBR-BrBNA
_bpor
_cBiblioteca Nacional de Agricultura
041 _a(Pt)
072 _aF30
_b0180
090 _aF30 BR8708402
100 1 _aRosa, O. de S.
100 1 _aLinhares, A.G.
100 1 _aNedel, J.L. de
111 1 _a14. Reuniao Nacional de Pesquisa de Trigo
_cLondrina, PR (Brazil)
_d21-25 Jul 1986
245 1 _aAvancos no melhoramento genetico para evitar a germinacao na espiga em trigo
246 1 _a[Improvements in plant breeding in order to avoid germination on wheat spike]
246 1 _a[Results of research of the Centro Nacional de Pesquisa de Trigo presented at the 14. Wheat Research National Reunion]
500 _aResultados de pesquisa do Centro Nacional de Pesquisa de Trigo apresentados na 14. Reuniao Nacional de Pesquisa de Trigo Passo Fundo, RS (Brasil): 1986. p. 183-185 (BR8708402-AMS)
773 0 _tResultados de pesquisa do Centro Nacional de Pesquisa de Trigo apresentados na 14. Reuniao Nacional de Pesquisa de Trigo
_wF30 BR8708402
_gPasso Fundo, RS (Brasil), 1986. p. 183-185
650 _aTRIGO
650 _aVARIEDADE
650 _aRENDIMENTO
490 _aDocumentos - Centro Nacional de Pesquisa de Trigo (Brazil)
_vno. 8
_xISSN 0101-6644
942 _cAMS
_2AGRIS
909 _a202506
_bLúcia
_c55
_dLúcia Elande
999 _c335625
_d335625